| 000 | 00756nam a2200241 a 4500 | ||
|---|---|---|---|
| 001 | 2218 | ||
| 003 | CDMR | ||
| 005 | 20131015130001.0 | ||
| 008 | 130130s1978||||||||||||||||||||||||||||d | ||
| 020 | _a8432002992 | ||
| 040 |
_aCDMR _bcat _cCDMR |
||
| 100 | 1 |
_91647 _aOliver i Puigdomènech, Joan |
|
| 245 | 1 | 3 |
_aLa prensa clandestina (1939-1956) _b: propaganda y documentos antifranquistas _cJoan Oliver, Joan Pagès, Pelai Pagès |
| 260 |
_aBarcelona _c1978 _bPlaneta |
||
| 300 | _a426 p. | ||
| 490 | 0 |
_aTextos (Planeta) _v42 |
|
| 650 | 0 | 4 |
_93176 _aPremsa i propaganda _zEspanya |
| 650 | 0 | 4 |
_93575 _aLiteratura clandestina |
| 650 | 0 | 4 |
_93312 _aFranquisme |
| 700 | 1 |
_94074 _aPagès i Blanch, Joan |
|
| 700 | 1 |
_94075 _aPagès i Blanch, Pelai |
|
| 942 |
_cMON _2udc |
||
| 999 |
_c2218 _d2218 |
||